000 00265nam a2200109Ia 4500
008 220204s9999 xx 000 0 und d
082 _a82-3FIT
_bFIT
100 _aFitzgerald, F Scott
245 0 _aGreat gatsby etc
260 _aLondon
_bHeinemann
_c1969
942 _cBK
999 _c27388
_d27388